Sports Quiz

Random Sports or Country Quiz
Score 0/50 Timer 10:00
0 Plays Today
Year Rider % Correct
Tour of Flanders 2016Peter Sagan
92%
Paris-Roubaix 2018Peter Sagan
92%
Milan-San Remo 2009Mark Cavendish
90.3%
Paris-Roubaix 2009Tom Boonen
89.3%
Tour of Flanders 2012Tom Boonen
89.3%
Paris-Roubaix 2012Tom Boonen
89.3%
Tour of Flanders 2010Fabian Cancellara
88.2%
Tour of Flanders 2013Fabian Cancellara
88.2%
Tour of Flanders 2014Fabian Cancellara
88.2%
Paris-Roubaix 2010Fabian Cancellara
88.2%
Paris-Roubaix 2013Fabian Cancellara
88.2%
Milan-San Remo 2018Vincenzo Nibali
86.5%
Il Lombardia 2015Vincenzo Nibali
86.5%
Il Lombardia 2017Vincenzo Nibali
86.5%
Liege-Bastogne-Liege 2015Alejandro Valverde
83.4%
Liege-Bastogne-Liege 2017Alejandro Valverde
83.4%
Il Lombardia 2009Philippe Gilbert
76.9%
Tour of Flanders 2017Philippe Gilbert
76.9%
Liege-Bastogne-Liege 2011Philippe Gilbert
76.9%
Il Lombardia 2010Philippe Gilbert
76.9%
Liege-Bastogne-Liege 2013Dan Martin
74.9%
Il Lombardia 2014Dan Martin
74.9%
Tour of Flanders 2018Niki Terpstra
72.9%
Paris-Roubaix 2014Niki Terpstra
72.9%
Milan-San Remo 2017Michal Kwiatkowski
66.7%
Year Rider % Correct
Il Lombardia 2018Thibaut Pinot
66.1%
Paris-Roubaix 2016Mathew Hayman
65.9%
Liege-Bastogne-Liege 2009Andy Schleck
65.5%
Milan-San Remo 2015John Degenkolb
64.8%
Paris-Roubaix 2015John Degenkolb
64.8%
Milan-San Remo 2014Alexander Kristoff
63%
Tour of Flanders 2015Alexander Kristoff
63%
Liege-Bastogne-Liege 2018Bob Jungels
59.6%
Paris-Roubaix 2017Greg Van Avermaet
59.1%
Milan-San Remo 2012Simon Gerrans
58.1%
Liege-Bastogne-Liege 2014Simon Gerrans
58.1%
Milan-San Remo 2016Arnaud Demare
54.4%
Liege-Bastogne-Liege 2010Alexander Vinokourov
52.2%
Liege-Bastogne-Liege 2016Wout Poels
49.2%
Il Lombardia 2016Esteban Chaves
45.3%
Il Lombardia 2012Joaquim Rodriguez
44.4%
Il Lombardia 2013Joaquim Rodriguez
44.4%
Milan-San Remo 2010Oscar Freire
39.1%
Milan-San Remo 2011Matthew Goss
33.4%
Milan-San Remo 2013Gerald Ciolek
32.2%
Tour of Flanders 2009Stijn Devolder
32.1%
Tour of Flanders 2011Nick Nuyens
29.2%
Paris-Roubaix 2011Johan Vansummeren
28.7%
Liege-Bastogne-Liege 2012Maxim Iglinsky
21.6%
Il Lombardia 2011Oliver Zaugg
18.9%
Remove Ads.
Support Sporcle.
Get the best of Sporcle when you Go Orange. This ad-free experience offers more features, more stats, and more fun while also helping to support Sporcle. Thank you for becoming a member.

You're not logged in!

Compare scores with friends on all Sporcle quizzes.
OR
Log In

Show Comments

Extras

Created Dec 20, 2018ReportNominate
Tags:Country Quiz, last, monument, Rider, Winner

Top Quizzes Today


Score Distribution

Your Account Isn't Verified!

In order to create a playlist on Sporcle, you need to verify the email address you used during registration. Go to your Sporcle Settings to finish the process.

Report this User

Report this user for behavior that violates our Community Guidelines.

Details: